000 01325cam a2200349 i 4500
001 12957302
003 EG-ScBUE
005 20260510133102.0
008 021003t2003 nyua f b 101 0 eng d
020 _a0306474263
020 _a9780306474262
040 _aDLC
_beng
_erda
_cDLC
_dDLC
_dEG-ScBUE
082 0 4 _222
_a510
_bAPP
111 2 _aConference on Applied Mathematics and Scientific Computing
_n(2nd :
_d2001 :
_cDubrovnik, Croatia)
245 1 0 _aApplied mathematics and scientific computing /
_cedited by Zlatko Drmac [and three others]
264 1 _aNew York :
_bKluwer Academic / Plenum Publishers,
_c[2003]
264 4 _cc2003
300 _ax, 350 pages :
_billustrations ;
_c26 cm
336 _2rdacontent
_atext
_btxt
337 _aunmediated
_2rdamedia
_bn
338 _avolume
_bnc
_2rdacarrier
504 _aIncludes bibliographical references and index.
650 7 _aMathematics
_vCongresses.
_2BUEsh
650 7 _aScience
_xData processing
_vCongresses.
_2BUEsh
651 _2BUEsh
653 _bGGEN
_cMay2018
655 _vReading book
700 1 _aDrmac, Zlatko,
_eeditor.
856 4 2 _3Publisher description
_uhttp://www.loc.gov/catdir/enhancements/fy0820/2002034140-d.html
856 4 1 _3Table of contents only
_uhttp://www.loc.gov/catdir/enhancements/fy0820/2002034140-t.html
942 _2ddc
_cBB
999 _c26755
_d26727